[Event "Angarsk Cup"]
[Site "Angarsk"]
[Date "2016.03.17"]
[Round "6"]
[White "Jiwashko, Sergey"]
[Black "Fellenger, Alexander"]
[Result "1/2-1/2"]
[WhiteElo "2195"]
[BlackElo "2131"]
[PlyCount "20"]
[EventDate "2016.02.28"]
[EventType "tourn"]
[EventRounds "9"]
[EventCountry "RUS"]
[SourceTitle "EXT 2018"]
[Source "ChessBase"]
[SourceDate "2017.10.13"]
[SourceVersion "1"]
[SourceVersionDate "2017.10.13"]
[SourceQuality "1"]

1. e4 e5 2. Nf3 Nc6 3. Bb5 a6 4. Bxc6 dxc6 5. 0-0 Bd6 6. d3 Ne7 7. Nc3 Bg4 8. h3 Bxf3 9. Qxf3 0-0 10. Bg5 Qd7 1/2-1/2